Normal view
MARC view
- Hickman, Cleveland Pendleton
Entry Personal Name
001 - CONTROL NUMBER
- control field: 100096
003 - CONTROL NUMBER IDENTIFIER
- control field: NUST
005 - DATE AND TIME OF LATEST TRANSACTION
- control field: 20221013112755.0
008 - FIXED-LENGTH DATA ELEMENTS
- fixed length control field: 221013|| aca||aabn | a|a d
040 ## - CATALOGING SOURCE
- Original cataloging agency: NUST
- Transcribing agency: NUST
100 ## - HEADING--PERSONAL NAME
- Personal name: Hickman, Cleveland Pendleton
670 ## - SOURCE DATA FOUND
- Source citation: Work cat.: (NUST)182833: Hickman, Cleveland Pendleton,, Biology of animals /, 1972.
